Zur Psychologie des Mordes: kriminalpsychologische Studien
| Main Author: | |
|---|---|
| Format: | Print Book |
| Language: | German |
| Published: |
Heidelberg
Winter [in Komm.]
1925
|
| In: |
Eesti Vabariigi Tartu Ülikooli toimetused / B (6,2)
Year: 1925 |
| Availability in Tübingen: | Present in Tübingen. IFK: C II 1 |
| Check availability: | HBZ Gateway |
| Subito Delivery Service: | Order now. |
| Keywords: |
MARC
| LEADER | 00000cam a2200000 c 4500 | ||
|---|---|---|---|
| 001 | 1071526790 | ||
| 003 | DE-627 | ||
| 005 | 20260206202617.0 | ||
| 007 | tu | ||
| 008 | 850101s1925 xx ||||| 00| ||ger c | ||
| 035 | |a (DE-627)1071526790 | ||
| 035 | |a (DE-603)190632844 | ||
| 035 | |a (DE-576)001526790 | ||
| 035 | |a (DE-599)BSZ001526790 | ||
| 035 | |a (OCoLC)8798348 | ||
| 035 | |a (OCoLC)08798348 | ||
| 035 | |a (DE-604)805692321x | ||
| 040 | |a DE-627 |b ger |c DE-627 |e rakwb | ||
| 041 | |a ger | ||
| 084 | |a CW 8100 |2 rvk |0 (DE-625)rvk/19208: | ||
| 084 | |a PH 8300 |q DE-16-13 |2 rvk |0 (DE-625)rvk/136497: | ||
| 084 | |a PH 8720 |2 rvk |0 (DE-625)rvk/136516: | ||
| 100 | 1 | |a Bjerre, Andreas |d 1879-1925 |0 (DE-588)128327138 |0 (DE-627)384595170 |0 (DE-576)297074717 |4 aut | |
| 109 | |a Bjerre, Andreas 1879-1925 | ||
| 245 | 1 | 0 | |a Zur Psychologie des Mordes |b kriminalpsychologische Studien |c von Andreas Bjerre |
| 264 | 1 | |a Heidelberg |b Winter [in Komm.] |c 1925 | |
| 300 | |a 171 S. | ||
| 336 | |a Text |b txt |2 rdacontent | ||
| 337 | |a ohne Hilfsmittel zu benutzen |b n |2 rdamedia | ||
| 338 | |a Band |b nc |2 rdacarrier | ||
| 490 | 1 | |a Eesti Vabariigi Tartu Ülikooli toimetused |a B, Humaniora |v 6,2 | |
| 583 | 1 | |a Digitalisiert |2 pdager |5 DE-31 | |
| 583 | 1 | |a Archivierung/Langzeitarchivierung gewährleistet |f PEBW |x XA-DE-BW |2 pdager |5 DE-31 | |
| 583 | 1 | |a Archivierung/Langzeitarchivierung gewährleistet |c 2021$3W 860/1925 B |x XA-DE-BW |2 pdager |5 DE-289 | |
| 650 | 0 | |a Homicide |2 DE-289 | |
| 650 | 0 | |a Criminal Psychology |2 DE-289 | |
| 650 | 0 | 7 | |0 (DE-588)4033186-6 |0 (DE-627)106258567 |0 (DE-576)209000538 |a Kriminalpsychologie |2 gnd |
| 650 | 0 | 7 | |0 (DE-588)4040235-6 |0 (DE-627)106224611 |0 (DE-576)209038853 |a Mord |2 gnd |
| 689 | 0 | 0 | |d s |0 (DE-588)4040235-6 |0 (DE-627)106224611 |0 (DE-576)209038853 |a Mord |2 gnd |
| 689 | 0 | 1 | |d s |0 (DE-588)4033186-6 |0 (DE-627)106258567 |0 (DE-576)209000538 |a Kriminalpsychologie |2 gnd |
| 689 | 0 | |5 (DE-627) | |
| 810 | 2 | |a Tartu Ülikool |t Eesti Vabariigi Tartu Ülikooli toimetused / B |v 6,2 |9 6,2 |w (DE-627)12994873X |w (DE-576)015519325 |w (DE-600)401630-0 |7 am | |
| 935 | |h HEB |i 0501 | ||
| 935 | |h HEB |i 0503 | ||
| 936 | r | v | |a CW 8100 |b Kriminologie, Kriminalistik (soweit für Psychologie von Interesse) |k Psychologie |k Angewandte Psychologie |k Andere Gebiete der angewandten Psychologie |k Kriminologie, Kriminalistik (soweit für Psychologie von Interesse) |0 (DE-627)127149616X |0 (DE-625)rvk/19208: |0 (DE-576)20149616X |
| 936 | r | v | |a PH 8300 |b Kriminalbiologie; Kriminalanthropologie; Kriminalethologie; Kriminalpsychologie; Kriminalsoziologie, Abweichendes Verhalten/Soziologie; Labeling approach; Radikale Kriminologie, Kritische Kriminologie |k Rechtswissenschaft |k Strafrecht, Strafverfahrensrecht, Kriminologie |k Kriminologie |k Kriminalitätstheorien |k Kriminalbiologie; Kriminalanthropologie; Kriminalethologie; Kriminalpsychologie; Kriminalsoziologie, Abweichendes Verhalten/Soziologie; Labeling approach; Radikale Kriminologie, Kritische Kriminologie |0 (DE-627)1271739763 |0 (DE-625)rvk/136497: |0 (DE-576)201739763 |
| 936 | r | v | |a PH 8720 |b Mord; Totschlag; Körperverletzung im Allgemeinen |k Rechtswissenschaft |k Strafrecht, Strafverfahrensrecht, Kriminologie |k Kriminologie |k Einzelne Deliktsgruppen |k Gewaltkriminalität, Gewaltdelikt |k Mord; Totschlag; Körperverletzung im Allgemeinen |0 (DE-627)1272237931 |0 (DE-625)rvk/136516: |0 (DE-576)202237931 |
| 936 | s | n | |a p100 |2 mzub |
| 951 | |a BO | ||
| ELC | |b 1 | ||
| LOK | |0 000 xxxxxcx a22 zn 4500 | ||
| LOK | |0 001 2011173094 | ||
| LOK | |0 003 DE-627 | ||
| LOK | |0 004 1071526790 | ||
| LOK | |0 005 20020607000000 | ||
| LOK | |0 008 930723||||||||||||||||ger||||||| | ||
| LOK | |0 040 |a DE-21-110 |c DE-627 |d DE-21-110 | ||
| LOK | |0 852 |a DE-21-110 | ||
| LOK | |0 852 1 |c C II 1 |m p |9 00 | ||
| LOK | |0 935 |a k110 | ||
| LOK | |0 936ln |a 10.8 | ||
| LOK | |0 938 |k p | ||
| LOK | |0 939 |a 23-07-93 |b l01 | ||
| ORI | |a SA-MARC-krimdoka001.raw | ||
| SIG | |a IFK: C II 1 | ||
